[Event "Bundesliga 9697"]
[Site "Deutschland"]
[Date "1996.??.??"]
[Round "?.6"]
[White "Florath, Patrick"]
[Black "Van Wely, Loek"]
[Result "0-1"]
[WhiteElo "2295"]
[BlackElo "2605"]
[PlyCount "44"]
[EventDate "1996.10.??"]
[EventType "team"]
[EventRounds "15"]
[EventCountry "GER"]
[SourceTitle "Bundesliga 9697"]
[Source "DeepChess"]
[SourceDate "2005.01.01"]
[SourceVersion "1"]
[SourceVersionDate "2005.01.01"]
[SourceQuality "1"]
[WhiteTeam "PSV/BSV Wuppertal 1921 e.V."]
[BlackTeam "SG Porz e.V."]
[WhiteTeamCountry "GER"]
[BlackTeamCountry "GER"]

1. e4 c5 2. Nf3 d6 3. d4 cxd4 4. Nxd4 Nf6 5. Nc3 a6 6. g3 e5 7. Nde2 Nbd7 8.
Bg2 b5 9. O-O Bb7 10. a4 b4 11. Nd5 Nxd5 12. exd5 a5 13. f4 Qb6+ 14. Kh1 Be7
15. Qd3 Qa6 16. Rd1 Qxd3 17. Rxd3 Rc8 18. c3 Ba6 19. Re3 b3 20. Bd2 f6 21. Rd1
Nb6 22. c4 Nxc4 0-1

[Event "Bundesliga 9697"]
[Site "Deutschland"]
[Date "1996.??.??"]
[Round "?.7"]
[White "Vogt, Lothar"]
[Black "Fischdick, Gisela"]
[Result "1-0"]
[WhiteElo "2505"]
[BlackElo "2290"]
[PlyCount "105"]
[EventDate "1996.10.??"]
[EventType "team"]
[EventRounds "15"]
[EventCountry "GER"]
[SourceTitle "Bundesliga 9697"]
[Source "DeepChess"]
[SourceDate "2005.01.01"]
[SourceVersion "1"]
[SourceVersionDate "2005.01.01"]
[SourceQuality "1"]
[WhiteTeam "SG Porz e.V."]
[BlackTeam "PSV/BSV Wuppertal 1921 e.V."]
[WhiteTeamCountry "GER"]
[BlackTeamCountry "GER"]

1. e4 d5 2. exd5 Qxd5 3. Nc3 Qa5 4. d4 Nf6 5. Nf3 Bf5 6. Bc4 e6 7. Bd2 c6 8.
Qe2 Bb4 9. Ne5 Nbd7 10. Nxd7 Nxd7 11. a3 O-O 12. O-O Bxc3 13. Bxc3 Qc7 14. Rfe1
Nf6 15. Bb3 a5 16. Red1 a4 17. Ba2 Rfd8 18. Be1 Qb6 19. c3 Qa6 20. Bc4 Qa5 21.
f3 Nd5 22. Bg3 Rd7 23. Rd2 Qd8 24. Qf2 h6 25. Re1 b5 26. Bf1 Nb6 27. Be5 Nc4
28. Rdd1 Rd5 29. Rc1 Nxe5 30. Rxe5 Rxe5 31. dxe5 Qd5 32. Qd4 Rd8 33. Rd1 Bc2
34. Qxd5 exd5 35. Rd2 Bb3 36. g3 Kf8 37. Kf2 Bc4 38. Bg2 Ke7 39. Rd1 f6 40.
exf6+ Kxf6 41. f4 g5 42. fxg5+ hxg5 43. h4 gxh4 44. gxh4 Rh8 45. Rh1 c5 46. h5
Rh6 47. Bf3 d4 48. cxd4 cxd4 49. Rh4 d3 50. Ke3 Kg5 51. Rg4+ Kf5 52. Rg6 Rxg6
53. Be4+ 1-0

[Event "Bundesliga 9697"]
[Site "Deutschland"]
[Date "1996.??.??"]
[Round "?.8"]
[White "Kistella, Roman"]
[Black "Van der Wiel, John TH"]
[Result "0-1"]
[WhiteElo "2270"]
[BlackElo "2535"]
[PlyCount "44"]
[EventDate "1996.10.??"]
[EventType "team"]
[EventRounds "15"]
[EventCountry "GER"]
[SourceTitle "Bundesliga 9697"]
[Source "DeepChess"]
[SourceDate "2005.01.01"]
[SourceVersion "1"]
[SourceVersionDate "2005.01.01"]
[SourceQuality "1"]
[WhiteTeam "PSV/BSV Wuppertal 1921 e.V."]
[BlackTeam "SG Porz e.V."]
[WhiteTeamCountry "GER"]
[BlackTeamCountry "GER"]

1. d4 d6 2. e4 Nf6 3. Nc3 g6 4. Nf3 Bg7 5. h3 O-O 6. Be2 a6 7. a4 b6 8. O-O Bb7
9. Qd3 Nc6 10. Bg5 h6 11. Be3 e5 12. d5 Ne7 13. Nd2 Nh5 14. Bxh5 gxh5 15. Rfe1
Qd7 16. Nf1 f5 17. exf5 Qxf5 18. Qc4 Rac8 19. Ng3 Qf7 20. Rad1 c6 21. Qb4 cxd5
22. Qxd6 h4 0-1

[Event "Bundesliga 9697"]
[Site "Deutschland"]
[Date "1997.??.??"]
[Round "?.1"]
[White "Emms, John M"]
[Black "Ribli, Zoltan"]
[Result "1/2-1/2"]
[WhiteElo "2535"]
[BlackElo "2585"]
[PlyCount "24"]
[EventDate "1996.10.??"]
[EventType "team"]
[EventRounds "15"]
[EventCountry "GER"]
[SourceTitle "Bundesliga 9697"]
[Source "DeepChess"]
[SourceDate "2005.01.01"]
[SourceVersion "1"]
[SourceVersionDate "2005.01.01"]
[SourceQuality "1"]
[WhiteTeam "PSV/BSV Wuppertal 1921 e.V."]
[BlackTeam "SK Passau 1869"]
[WhiteTeamCountry "GER"]
[BlackTeamCountry "GER"]

1. e4 c5 2. c3 Nf6 3. e5 Nd5 4. Nf3 Nc6 5. d4 cxd4 6. cxd4 d6 7. Bc4 Nb6 8. Bb5
dxe5 9. Nxe5 Bd7 10. Nxd7 Qxd7 11. Nc3 e6 12. O-O Be7 1/2-1/2

[Event "Bundesliga 9697"]
[Site "Deutschland"]
[Date "1997.??.??"]
[Round "?.2"]
[White "Schlosser, Philipp"]
[Black "Ward, Christopher"]
[Result "0-1"]
[WhiteElo "2560"]
[BlackElo "2490"]
[PlyCount "70"]
[EventDate "1996.10.??"]
[EventType "team"]
[EventRounds "15"]
[EventCountry "GER"]
[SourceTitle "Bundesliga 9697"]
[Source "DeepChess"]
[SourceDate "2005.01.01"]
[SourceVersion "1"]
[SourceVersionDate "2005.01.01"]
[SourceQuality "1"]
[WhiteTeam "SK Passau 1869"]
[BlackTeam "PSV/BSV Wuppertal 1921 e.V."]
[WhiteTeamCountry "GER"]
[BlackTeamCountry "GER"]

1. Nf3 d5 2. c4 d4 3. g3 Nc6 4. Bg2 e5 5. d3 Nf6 6. O-O Nd7 7. b3 a5 8. Na3 Be7
9. Nc2 Nc5 10. Rb1 Bg4 11. Bb2 Bh5 12. Ba1 O-O 13. a3 Bf6 14. b4 axb4 15. axb4
Ne6 16. Bb2 Re8 17. Ra1 Qd7 18. b5 Rxa1 19. Qxa1 Ncd8 20. Qa7 e4 21. dxe4 d3
22. Bxf6 dxc2 23. Bb2 Qd1 24. Qe3 b6 25. h3 Nb7 26. g4 Bg6 27. Ne5 Nbc5 28. Qc1
Rd8 29. Nxg6 hxg6 30. Qe3 g5 31. h4 Qd2 32. Qxd2 Rxd2 33. hxg5 Rd1 34. e5 Nb3
35. e3 Nd2 0-1

[Event "Bundesliga 9697"]
[Site "Deutschland"]
[Date "1997.??.??"]
[Round "?.3"]
[White "Schebler, Gerhard"]
[Black "Smejkal, Jan"]
[Result "0-1"]
[WhiteElo "2435"]
[BlackElo "2505"]
[PlyCount "94"]
[EventDate "1996.10.??"]
[EventType "team"]
[EventRounds "15"]
[EventCountry "GER"]
[SourceTitle "Bundesliga 9697"]
[Source "DeepChess"]
[SourceDate "2005.01.01"]
[SourceVersion "1"]
[SourceVersionDate "2005.01.01"]
[SourceQuality "1"]
[WhiteTeam "PSV/BSV Wuppertal 1921 e.V."]
[BlackTeam "SK Passau 1869"]
[WhiteTeamCountry "GER"]
[BlackTeamCountry "GER"]

1. Nf3 Nf6 2. c4 c5 3. g3 g6 4. Bg2 Bg7 5. O-O O-O 6. d4 cxd4 7. Nxd4 Nc6 8.
Nc3 Ng4 9. e3 d6 10. b3 Nxd4 11. exd4 Nh6 12. Bb2 Nf5 13. Ne2 Rb8 14. a4 b6 15.
Qd2 e6 16. Bh3 Ne7 17. Ba3 Re8 18. Nc3 Bb7 19. Nb5 Nc8 20. Rac1 a6 21. Nc3 Ne7
22. d5 exd5 23. cxd5 Bc8 24. Bxc8 Rxc8 25. Ne4 Rxc1 26. Rxc1 Nf5 27. Qd3 h5 28.
h4 b5 29. axb5 Qa5 30. Bxd6 Qxb5 31. Qc4 Rxe4 32. Qxe4 Nxd6 33. Qf3 Qa5 34. Qd3
Bf8 35. Kg2 Qb4 36. Qxa6 Qxb3 37. Qc6 Qd3 38. Qc2 Qxd5+ 39. Kg1 Nf5 40. Qc4 Qf3
41. Qc3 Qd5 42. Qc4 Qe5 43. Rc3 Be7 44. Kg2 Kg7 45. Rd3 Qe2 46. Qc3+ Bf6 47.
Qb3 Bd4 0-1

[Event "Bundesliga 9697"]
[Site "Deutschland"]
[Date "1997.??.??"]
[Round "?.4"]
[White "Wells, Peter K"]
[Black "Hausrath, Daniel"]
[Result "1-0"]
[WhiteElo "2495"]
[BlackElo "2425"]
[PlyCount "59"]
[EventDate "1996.10.??"]
[EventType "team"]
[EventRounds "15"]
[EventCountry "GER"]
[SourceTitle "Bundesliga 9697"]
[Source "DeepChess"]
[SourceDate "2005.01.01"]
[SourceVersion "1"]
[SourceVersionDate "2005.01.01"]
[SourceQuality "1"]
[WhiteTeam "SK Passau 1869"]
[BlackTeam "PSV/BSV Wuppertal 1921 e.V."]
[WhiteTeamCountry "GER"]
[BlackTeamCountry "GER"]

1. d4 Nf6 2. c4 g6 3. Nc3 Bg7 4. e4 d6 5. f4 c5 6. d5 O-O 7. Nf3 e6 8. Be2 exd5
9. cxd5 Re8 10. e5 dxe5 11. fxe5 Ng4 12. O-O Nxe5 13. Bf4 Nbd7 14. d6 Nxf3+ 15.
Bxf3 Ne5 16. Nb5 Bf5 17. Nc7 Nd3 18. Bg3 Bd4+ 19. Kh1 Nxb2 20. Qb3 Re3 21. Qxb7
Rb8 22. Qxa7 Nc4 23. Nd5 Bxa1 24. Rxa1 Ra3 25. Qxc5 Rxa2 26. Re1 Rc2 27. Qd4 h6
28. Nf6+ Kf8 29. Nd7+ Kg8 30. Nxb8 1-0

[Event "Bundesliga 9697"]
[Site "Deutschland"]
[Date "1997.??.??"]
[Round "?.5"]
[White "Schiffer, Kai Uwe"]
[Black "Schmidt, Peter"]
[Result "0-1"]
[WhiteElo "2340"]
[BlackElo "2410"]
[PlyCount "82"]
[EventDate "1996.10.??"]
[EventType "team"]
[EventRounds "15"]
[EventCountry "GER"]
[SourceTitle "Bundesliga 9697"]
[Source "DeepChess"]
[SourceDate "2005.01.01"]
[SourceVersion "1"]
[SourceVersionDate "2005.01.01"]
[SourceQuality "1"]
[WhiteTeam "PSV/BSV Wuppertal 1921 e.V."]
[BlackTeam "SK Passau 1869"]
[WhiteTeamCountry "GER"]
[BlackTeamCountry "GER"]

1. e4 d6 2. d4 Nf6 3. Nc3 g6 4. Nf3 Bg7 5. Be3 O-O 6. Qd2 Bg4 7. Ng5 c6 8. h3
Bc8 9. a4 Nbd7 10. Be2 e5 11. dxe5 dxe5 12. O-O Qe7 13. Rfd1 a5 14. Bc4 Ne8 15.
Qd3 Bf6 16. Nf3 Nc5 17. Qe2 Ng7 18. Rd2 Nce6 19. Rad1 Nh5 20. g3 Bg7 21. h4 Kh8
22. Nh2 Nd4 23. Qf1 f5 24. exf5 Bxf5 25. g4 Bxg4 26. Nxg4 Nf3+ 27. Kg2 Nxh4+
28. Kh1 Ng3+ 29. fxg3 Rxf1+ 30. Rxf1 Nf5 31. Rxf5 gxf5 32. Nh6 Rf8 33. Nf7+
Rxf7 34. Bxf7 f4 35. Ba7 e4 36. Bc4 e3 37. Re2 Bxc3 38. bxc3 Qe4+ 39. Kg1 Qxc4
40. Bd4+ Kg8 41. gxf4 Qxe2 0-1

[Event "Bundesliga 9697"]
[Site "Deutschland"]
[Date "1997.??.??"]
[Round "?.6"]
[White "Pichler, Juergen"]
[Black "Florath, Patrick"]
[Result "0-1"]
[WhiteElo "2400"]
[BlackElo "2280"]
[PlyCount "110"]
[EventDate "1996.10.??"]
[EventType "team"]
[EventRounds "15"]
[EventCountry "GER"]
[SourceTitle "Bundesliga 9697"]
[Source "DeepChess"]
[SourceDate "2005.01.01"]
[SourceVersion "1"]
[SourceVersionDate "2005.01.01"]
[SourceQuality "1"]
[WhiteTeam "SK Passau 1869"]
[BlackTeam "PSV/BSV Wuppertal 1921 e.V."]
[WhiteTeamCountry "GER"]
[BlackTeamCountry "GER"]

1. d4 e6 2. c4 d5 3. Nf3 Nf6 4. Nc3 Be7 5. Bg5 O-O 6. e3 h6 7. Bh4 b6 8. Be2
Bb7 9. Bxf6 Bxf6 10. cxd5 exd5 11. b4 c5 12. bxc5 bxc5 13. Rb1 Bc6 14. O-O Nd7
15. Bb5 Qc7 16. Qd3 Rfd8 17. Rfc1 Rab8 18. a4 g6 19. Qc2 Rdc8 20. h4 h5 21. Qd1
c4 22. Ng5 Ba8 23. Qf3 Bxg5 24. hxg5 Qd6 25. Bxd7 Qxd7 26. Qf4 Rb3 27. e4 dxe4
28. d5 Qf5 29. Qxe4 Qxe4 30. Nxe4 Rxb1 31. Rxb1 Kg7 32. Nc3 Kf8 33. Rd1 Ke7 34.
d6+ Kd7 35. Rd4 Rc6 36. f3 Rxd6 37. Rxc4 Rc6 38. Rd4+ Ke7 39. Nb5 a6 40. Na3
Rc5 41. Nc4 Rxg5 42. Kf2 Rc5 43. Nb6 Bc6 44. Rd2 h4 45. Kg1 Ke6 46. Kh2 g5 47.
Kh3 f6 48. Kh2 Rc3 49. Nc8 Bxf3 50. Rd6+ Ke5 51. gxf3 Rxc8 52. Rxa6 Rc2+ 53.
Kg1 f5 54. Rb6 Kf4 55. Rb3 Ra2 0-1

[Event "Bundesliga 9697"]
[Site "Deutschland"]
[Date "1997.??.??"]
[Round "?.7"]
[White "Kistella, Roman"]
[Black "Schlingensiepen, Christian"]
[Result "1/2-1/2"]
[WhiteElo "2275"]
[BlackElo "2290"]
[PlyCount "82"]
[EventDate "1996.10.??"]
[EventType "team"]
[EventRounds "15"]
[EventCountry "GER"]
[SourceTitle "Bundesliga 9697"]
[Source "DeepChess"]
[SourceDate "2005.01.01"]
[SourceVersion "1"]
[SourceVersionDate "2005.01.01"]
[SourceQuality "1"]
[WhiteTeam "PSV/BSV Wuppertal 1921 e.V."]
[BlackTeam "SK Passau 1869"]
[WhiteTeamCountry "GER"]
[BlackTeamCountry "GER"]

1. d4 Nf6 2. c4 e6 3. Nf3 d5 4. Nc3 dxc4 5. e4 Bb4 6. Bg5 c5 7. e5 cxd4 8. Nxd4
Qa5 9. exf6 Bxc3+ 10. bxc3 Qxg5 11. fxg7 Qxg7 12. Qf3 O-O 13. Bxc4 Nd7 14. Be2
Nc5 15. O-O e5 16. Nb3 Ne6 17. Rfe1 Nf4 18. Bf1 Be6 19. Qg3 Qxg3 20. hxg3 Ng6
21. Nc5 Rac8 22. Nxe6 fxe6 23. Rab1 b6 24. Rb3 Rfd8 25. Ra3 Rc7 26. f3 Kf7 27.
Kf2 Kf6 28. Ke3 Ne7 29. Kf2 Rd5 30. Re4 Nf5 31. g4 Nd6 32. Re3 h6 33. Kg3 Rd1
34. Rd3 Nb5 35. Rxd1 Nxa3 36. Rd8 Rxc3 37. Rf8+ Kg7 38. Re8 Kf7 39. Rh8 Kg7 40.
Re8 Kf7 41. Rh8 Kg7 1/2-1/2

[Event "Bundesliga 9697"]
[Site "Deutschland"]
[Date "1996.??.??"]
[Round "?.1"]
[White "Van der Sterren, Paul"]
[Black "Conquest, Stuart"]
[Result "1-0"]
[WhiteElo "2510"]
[BlackElo "2585"]
[PlyCount "99"]
[EventDate "1996.10.??"]
[EventType "team"]
[EventRounds "15"]
[EventCountry "GER"]
[SourceTitle "Bundesliga 9697"]
[Source "DeepChess"]
[SourceDate "2005.01.01"]
[SourceVersion "1"]
[SourceVersionDate "2005.01.01"]
[SourceQuality "1"]
[WhiteTeam "SV Castrop Rauxel 1923"]
[BlackTeam "PSV/BSV Wuppertal 1921 e.V."]
[WhiteTeamCountry "GER"]
[BlackTeamCountry "GER"]

1. d4 e6 2. c4 b6 3. a3 Bb7 4. Nc3 g6 5. e4 Bg7 6. Nf3 Ne7 7. Bd3 d5 8. cxd5
exd5 9. e5 c5 10. O-O O-O 11. Bf4 Nbc6 12. Re1 a6 13. Bc2 Rc8 14. Rc1 Na5 15.
b3 Qd7 16. Na4 Qd8 17. Bg5 Re8 18. Qd2 Rc6 19. dxc5 bxc5 20. Bd1 c4 21. b4 c3
22. Rxc3 Rxc3 23. Qxc3 Nc4 24. Nc5 Qc7 25. Bf6 Nf5 26. Ba4 Bc6 27. Bxc6 Qxc6
28. Bxg7 Nxg7 29. Nd4 Qc8 30. f4 Ne6 31. Ncxe6 fxe6 32. h3 Qd7 33. Qb3 Rf8 34.
Qg3 Qa7 35. Qf2 Qb6 36. a4 Kf7 37. b5 axb5 38. axb5 Ra8 39. Kh2 Kg8 40. Rd1 Ra3
41. Qh4 Ra8 42. Qe7 Ne3 43. Nxe6 Nf5 44. Qd7 Qf2 45. Qxd5 Rb8 46. Rd3 h5 47.
Rf3 Qa7 48. Nd4+ Kh8 49. Nxf5 gxf5 50. Qe6 1-0

[Event "Bundesliga 9697"]
[Site "Deutschland"]
[Date "1996.??.??"]
[Round "?.2"]
[White "Emms, John M"]
[Black "Gallagher, Joseph G"]
[Result "1/2-1/2"]
[WhiteElo "2500"]
[BlackElo "2530"]
[PlyCount "70"]
[EventDate "1996.10.??"]
[EventType "team"]
[EventRounds "15"]
[EventCountry "GER"]
[SourceTitle "Bundesliga 9697"]
[Source "DeepChess"]
[SourceDate "2005.01.01"]
[SourceVersion "1"]
[SourceVersionDate "2005.01.01"]
[SourceQuality "1"]
[WhiteTeam "PSV/BSV Wuppertal 1921 e.V."]
[BlackTeam "SV Castrop Rauxel 1923"]
[WhiteTeamCountry "GER"]
[BlackTeamCountry "GER"]

1. e4 c5 2. Nf3 d6 3. d4 cxd4 4. Nxd4 Nf6 5. Nc3 a6 6. Bc4 e6 7. O-O b5 8. Bb3
Be7 9. Qf3 Qb6 10. Be3 Qb7 11. Qg3 b4 12. Na4 Nbd7 13. f3 O-O 14. Rac1 Ne5 15.
Rfd1 Bd7 16. Nb6 Nh5 17. Qh3 Nf4 18. Bxf4 Qxb6 19. Be3 Qb7 20. f4 Nc6 21. f5
Nxd4 22. Rxd4 e5 23. Rd5 Bc6 24. Rf1 Bxd5 25. Bxd5 Qc8 26. Qh5 Qxc2 27. h4 Kh8
28. Kh2 f6 29. Rf3 Qe2 30. Bxa8 Rxa8 31. Qf7 Bf8 32. Qb7 Rd8 33. Qc7 Ra8 34.
Qb7 Rd8 35. Qc7 Ra8 1/2-1/2

[Event "Bundesliga 9697"]
[Site "Deutschland"]
[Date "1996.??.??"]
[Round "?.3"]
[White "King, Daniel J"]
[Black "Summerscale, Aaron"]
[Result "1/2-1/2"]
[WhiteElo "2535"]
[BlackElo "2500"]
[PlyCount "82"]
[EventDate "1996.10.??"]
[EventType "team"]
[EventRounds "15"]
[EventCountry "GER"]
[SourceTitle "Bundesliga 9697"]
[Source "DeepChess"]
[SourceDate "2005.01.01"]
[SourceVersion "1"]
[SourceVersionDate "2005.01.01"]
[SourceQuality "1"]
[WhiteTeam "SV Castrop Rauxel 1923"]
[BlackTeam "PSV/BSV Wuppertal 1921 e.V."]
[WhiteTeamCountry "GER"]
[BlackTeamCountry "GER"]

1. e4 c5 2. Nf3 d6 3. d4 cxd4 4. Qxd4 a6 5. Be3 Nf6 6. Nc3 Ng4 7. O-O-O Nc6 8.
Qb6 Nxe3 9. Qxd8+ Kxd8 10. fxe3 e6 11. e5 Kc7 12. exd6+ Bxd6 13. Nd4 Be7 14.
Nxc6 Kxc6 15. Be2 Kc7 16. Rhf1 Rf8 17. Bh5 g6 18. Bf3 Rb8 19. Rd3 Bd7 20. Rfd1
Rfd8 21. Ne4 Bc6 22. Nd2 Rxd3 23. cxd3 Ba4 24. b3 Be8 25. d4 b5 26. Kb2 Rc8 27.
a3 a5 28. Ne4 Kb6 29. Nf2 b4 30. axb4 Bxb4 31. Nd3 Bc3+ 32. Ka2 Bb5 33. Kb1 Rc7
34. Nc5 Bb4 35. Na4+ Bxa4 36. bxa4 Rc3 37. e4 Rb3+ 38. Kc2 Ra3 39. d5 exd5 40.
Rxd5 Kc7 41. e5 Rc3+ 1/2-1/2

[Event "Bundesliga 9697"]
[Site "Deutschland"]
[Date "1996.??.??"]
[Round "?.4"]
[White "Ward, Christopher"]
[Black "Watson, William N"]
[Result "0-1"]
[WhiteElo "2460"]
[BlackElo "2540"]
[PlyCount "86"]
[EventDate "1996.10.??"]
[EventType "team"]
[EventRounds "15"]
[EventCountry "GER"]
[SourceTitle "Bundesliga 9697"]
[Source "DeepChess"]
[SourceDate "2005.01.01"]
[SourceVersion "1"]
[SourceVersionDate "2005.01.01"]
[SourceQuality "1"]
[WhiteTeam "PSV/BSV Wuppertal 1921 e.V."]
[BlackTeam "SV Castrop Rauxel 1923"]
[WhiteTeamCountry "GER"]
[BlackTeamCountry "GER"]

1. d4 Nf6 2. c4 g6 3. Nc3 Bg7 4. e4 d6 5. f3 O-O 6. Be3 c5 7. Nge2 Nc6 8. d5
Ne5 9. Ng3 e6 10. Be2 exd5 11. cxd5 a6 12. a4 Bd7 13. h3 Ne8 14. O-O Qh4 15.
Qe1 f5 16. f4 Nf7 17. exf5 gxf5 18. Bd3 Nh8 19. Rf3 Ng6 20. Qb1 Qf6 21. Nh5 Qe7
22. Nxg7 Nxg7 23. b4 Nh5 24. Nd1 Nh4 25. Rf2 b6 26. a5 b5 27. Qb2 c4 28. Bc2
Rae8 29. Qd4 Ng3 30. Kh2 Ne4 31. Re2 Rf6 32. Ra3 Rg6 33. Bc1 Qf8 34. Bb2 Kf7
35. g4 Qh6 36. Bc1 Rxg4 37. Bxe4 fxe4 38. f5 Qh5 39. hxg4 Nf3+ 40. Kg3 Qh4+ 41.
Kf4 Qg5+ 42. Kg3 Qh4+ 43. Kf4 Nxd4 0-1

[Event "Bundesliga 9697"]
[Site "Deutschland"]
[Date "1996.??.??"]
[Round "?.5"]
[White "Appel, Ralf"]
[Black "Schebler, Gerhard"]
[Result "1/2-1/2"]
[WhiteElo "2490"]
[BlackElo "2425"]
[PlyCount "87"]
[EventDate "1996.10.??"]
[EventType "team"]
[EventRounds "15"]
[EventCountry "GER"]
[SourceTitle "Bundesliga 9697"]
[Source "DeepChess"]
[SourceDate "2005.01.01"]
[SourceVersion "1"]
[SourceVersionDate "2005.01.01"]
[SourceQuality "1"]
[WhiteTeam "SV Castrop Rauxel 1923"]
[BlackTeam "PSV/BSV Wuppertal 1921 e.V."]
[WhiteTeamCountry "GER"]
[BlackTeamCountry "GER"]

1. Nf3 g6 2. g3 Bg7 3. Bg2 Nf6 4. O-O O-O 5. c4 c6 6. d3 d5 7. Qc2 Re8 8. Bf4
Nbd7 9. cxd5 Nxd5 10. Bd2 e5 11. Na3 N7b6 12. Ng5 Qe7 13. Ne4 a5 14. Nc4 Nxc4
15. dxc4 Bf5 16. Qb3 a4 17. Qa3 Bxe4 18. Bxe4 Nf6 19. Bg2 Qe6 20. Qb4 Re7 21.
Bc3 Bf8 22. Rad1 Rd7 23. Qb6 Rad8 24. Rxd7 Rxd7 25. Qa5 Qxc4 26. Qxe5 Rd6 27.
a3 Re6 28. Qb8 Qb3 29. e3 Ne4 30. Bxe4 Rxe4 31. Qd8 Qe6 32. Rd1 Rxe3 33. Qd4
Rxc3 34. Qxc3 Be7 35. Re1 Qd6 36. Qc4 b5 37. Qe2 Bf6 38. Rc1 Kg7 39. Rc2 h5 40.
Kg2 Bd4 41. Qd3 Qd7 42. f3 Kh7 43. h3 Kg8 44. h4 1/2-1/2

[Event "Bundesliga 9697"]
[Site "Deutschland"]
[Date "1996.??.??"]
[Round "?.7"]
[White "Brendel, Oliver"]
[Black "Hetey, Laszlo"]
[Result "1/2-1/2"]
[WhiteElo "2420"]
[BlackElo "2410"]
[PlyCount "52"]
[EventDate "1996.10.??"]
[EventType "team"]
[EventRounds "15"]
[EventCountry "GER"]
[SourceTitle "Bundesliga 9697"]
[Source "DeepChess"]
[SourceDate "2005.01.01"]
[SourceVersion "1"]
[SourceVersionDate "2005.01.01"]
[SourceQuality "1"]
[WhiteTeam "SV Castrop Rauxel 1923"]
[BlackTeam "PSV/BSV Wuppertal 1921 e.V."]
[WhiteTeamCountry "GER"]
[BlackTeamCountry "GER"]

1. e4 Nf6 2. Nc3 d5 3. exd5 Nxd5 4. g3 c6 5. Bg2 Bf5 6. Nf3 Bg4 7. h3 Bh5 8.
O-O e6 9. d4 Nd7 10. Ne2 Be7 11. c4 N5b6 12. Qb3 Qc8 13. Nf4 Bxf3 14. Bxf3 O-O
15. a4 a5 16. c5 Nd5 17. Nxd5 cxd5 18. Qb5 Nb8 19. Be3 Nc6 20. Bg2 Rd8 21. Rfd1
h6 22. h4 Nb4 23. Rac1 Qc6 24. Bd2 Rdc8 25. Bf4 Bd8 26. Kf1 b6 1/2-1/2

[Event "Bundesliga 9697"]
[Site "Deutschland"]
[Date "1996.??.??"]
[Round "?.8"]
[White "Kern, Guido"]
[Black "Sehner, Norbert"]
[Result "1/2-1/2"]
[WhiteElo "2340"]
[BlackElo "2390"]
[PlyCount "119"]
[EventDate "1996.10.??"]
[EventType "team"]
[EventRounds "15"]
[EventCountry "GER"]
[SourceTitle "Bundesliga 9697"]
[Source "DeepChess"]
[SourceDate "2005.01.01"]
[SourceVersion "1"]
[SourceVersionDate "2005.01.01"]
[SourceQuality "1"]
[WhiteTeam "PSV/BSV Wuppertal 1921 e.V."]
[BlackTeam "SV Castrop Rauxel 1923"]
[WhiteTeamCountry "GER"]
[BlackTeamCountry "GER"]

1. c4 e6 2. g3 d5 3. Bg2 c6 4. Qc2 Nf6 5. d4 Be7 6. Nf3 O-O 7. O-O b6 8. Rd1
Bb7 9. Nc3 Na6 10. b3 Qc8 11. Bb2 Rd8 12. Rac1 dxc4 13. bxc4 c5 14. Nb5 Be4 15.
Qb3 cxd4 16. Bxd4 Nc5 17. Qe3 Ng4 18. Qf4 f5 19. Ra1 a6 20. Qc7 Qxc7 21. Nxc7
Rac8 22. Bxc5 Rxd1+ 23. Rxd1 Bxc5 24. Nxe6 Bxf2+ 25. Kh1 h6 26. h3 Nf6 27. Kh2
Bxf3 28. Bxf3 Rxc4 29. Kg2 Be3 30. Rd3 f4 31. gxf4 Bxf4 32. Nxf4 Rxf4 33. Ra3
a5 34. Rb3 Nd7 35. Bc6 Rd4 36. Bxd7 Rxd7 37. Rxb6 Rd2 38. Kf3 Rxa2 39. Rb7 Kh7
40. Ra7 Kg6 41. Kf2 Kf6 42. Kf3 g6 43. Ra6+ Kg5 44. e4 Ra3+ 45. Kg2 h5 46. h4+
Kxh4 47. Rxg6 a4 48. e5 Ra2+ 49. Kf3 Ra1 50. Ra6 Kg5 51. e6 Kf6 52. Kg2 a3 53.
Kh2 Ke7 54. Kg2 Ra2+ 55. Kh3 Ra1 56. Kh2 a2 57. Kg2 h4 58. Kh2 h3 59. Ra8 Kxe6
60. Ra5 1/2-1/2

[Event "Bundesliga 9697"]
[Site "Deutschland"]
[Date "1997.??.??"]
[Round "?.2"]
[White "Lobron, Eric"]
[Black "Emms, John M"]
[Result "0-1"]
[WhiteElo "2570"]
[BlackElo "2535"]
[PlyCount "68"]
[EventDate "1996.10.??"]
[EventType "team"]
[EventRounds "15"]
[EventCountry "GER"]
[SourceTitle "Bundesliga 9697"]
[Source "DeepChess"]
[SourceDate "2005.01.01"]
[SourceVersion "1"]
[SourceVersionDate "2005.01.01"]
[SourceQuality "1"]
[WhiteTeam "SV Empor Berlin e.V."]
[BlackTeam "PSV/BSV Wuppertal 1921 e.V."]
[WhiteTeamCountry "GER"]
[BlackTeamCountry "GER"]

1. Nf3 c5 2. e4 e6 3. d3 Nc6 4. g3 Nge7 5. h4 d5 6. Nbd2 e5 7. c3 f6 8. a3 Bg4
9. Be2 Be6 10. b4 d4 11. cxd4 Nxd4 12. Nxd4 Qxd4 13. Rb1 cxb4 14. Nf3 Qd7 15.
axb4 Nc6 16. b5 Nd4 17. Nxd4 exd4 18. f4 Bc5 19. f5 Bf7 20. Bh5 Bd6 21. Bxf7+
Qxf7 22. g4 Rc8 23. g5 O-O 24. Rg1 g6 25. gxf6 Qxf6 26. Bg5 Qe5 27. Rb2 Rxf5
28. Rbg2 Rcf8 29. Qb3+ Kh8 30. h5 Qxb5 31. Qe6 Qb1+ 32. Ke2 Qc2+ 33. Bd2 Rf3
34. Qc4 Re3# 0-1

[Event "Bundesliga 9697"]
[Site "Deutschland"]
[Date "1997.??.??"]
[Round "?.3"]
[White "Schebler, Gerhard"]
[Black "Hickl, Joerg"]
[Result "1/2-1/2"]
[WhiteElo "2435"]
[BlackElo "2575"]
[PlyCount "87"]
[EventDate "1996.10.??"]
[EventType "team"]
[EventRounds "15"]
[EventCountry "GER"]
[SourceTitle "Bundesliga 9697"]
[Source "DeepChess"]
[SourceDate "2005.01.01"]
[SourceVersion "1"]
[SourceVersionDate "2005.01.01"]
[SourceQuality "1"]
[WhiteTeam "PSV/BSV Wuppertal 1921 e.V."]
[BlackTeam "SV Empor Berlin e.V."]
[WhiteTeamCountry "GER"]
[BlackTeamCountry "GER"]

1. d4 d6 2. e4 g6 3. c4 e5 4. Ne2 Nc6 5. d5 Nce7 6. h4 h5 7. Nbc3 Bh6 8. Bxh6
Nxh6 9. Qd2 a6 10. O-O-O Bd7 11. Ng3 Qb8 12. Be2 Qa7 13. Rhf1 O-O-O 14. Kb1
Rdf8 15. f3 f6 16. b4 Nf7 17. Rh1 f5 18. Bd3 Kb8 19. Ka1 Rfg8 20. Rb1 f4 21.
Nge2 g5 22. hxg5 Rxg5 23. Nc1 h4 24. c5 dxc5 25. bxc5 Qxc5 26. Bxa6 Nd8 27. Bb5
Bc8 28. Bf1 Nf7 29. Nd3 Qa5 30. Nb4 Rg6 31. Nb5 Bd7 32. Bc4 Bxb5 33. Bxb5 Rb6
34. Bd7 Qc5 35. Rhc1 Qd6 36. Bh3 Rh6 37. Qc3 Nd8 38. Nd3 Rxb1+ 39. Rxb1 Rh5 40.
Nc5 b6 41. Qb4 Nb7 42. Na6+ Ka7 43. Qxd6 cxd6 44. Nc7 1/2-1/2